| 000 | 04831cam a22005057a 4500 | ||
|---|---|---|---|
| 005 | 20090306003735.0 | ||
| 008 | 090107s2009 ii 000 1 eng | ||
| 010 | _aB-362700-722 | ||
| 020 |
_a9788129114396 _c195.00 |
||
| 035 | _aB-362700-722 | ||
| 037 | _bUBH | ||
| 040 |
_adpl _bEnglish |
||
| 082 | _aS | ||
| 100 | _aMalik, Suchita | ||
| 245 |
_aIndian memsahib : _bthe untold story of bureaucrat's wife / _cby Suchita Malik |
||
| 260 |
_aNew Delhi _bRupa & Co. _c2009 |
||
| 270 |
_a7/16, Ansari Road Daryaganj _bNew Delhi _e110002 |
||
| 300 |
_a195 p. _c23 cm.(pbk) |
||
| 500 | _aNovel | ||
| 942 |
_2ddc _cEN _hS _mMAL |
||
| 999 |
_c29638 _d29638 |
||